=LDR 00000nam 2200000 4500 =001 INLIS000000000046138 =005 20150217081311.0 =006 =007 =008 =020 ##$$a 978-979-29-2402-2 =035 ##$$0010-021500000000699 =040 ##$$a NBPDMAT =082 ##$$a 657.025 85 =090 ##$$a 657.025 85 $b Ana s =100 ##$$a Anastasia Diana =245 ##$$a Sistem Informasi Akutansi $c Oleh Anastasia Diana dan Lilis Setawati =250 ##$$a Ed. 1 =260 ##$$a Yogyakarta : $b Andi, $c 2011 =300 ##$$a x, 260 hlm. : $b ilus. ; $c 23 cm. =500 ##$$a Bibliografi : hlm.259 =650 ##$$a Akutansi =700 ##$$a Lilis Setiawati =850 ##$$a NBPDMAT =990 ##$$a 0001/BPAP-NTB/20142015 =990 ##$$a 0001/BPAP-NTB/20142015